Technofeudalism

Gespeichert in:
Bibliographische Detailangaben
1. Verfasser: Varoufakis, Yanis
Format: Buch
Sprache:Englisch
Veröffentlicht: 2024
Tags: Tag hinzufügen
Keine Tags, Fügen Sie das erste Tag hinzu!

MARC

LEADER 00000nam a2200000 4500
001 0315370
005 20260309230017.3
020 |a 9781529926095 
041 0 |a eng 
245 1 0 |a Technofeudalism  |c Yanis Varoufakis 
264 1 |c 2024 
100 1 |a Varoufakis, Yanis